000 00441nam a22001457a 4500
005 20170123095228.0
008 170123b xxu||||| |||| 00| 0 eng d
050 _aLB2131.Z55C543
100 _aChivero, B.S.R.
_928435
245 _aTeacher education in post-independent Zimbabwe
_cby Chivero, B.S.R.
260 _aHarare
_bZIMFEP
_c1990
300 _a149p.;
_c30cm.
650 _aTeacher training
_zZimbabwe
_928436
942 _2lcc
_cMONOGRAPH
999 _c125994
_d125994